000 00701nam a22001337a 4500
040 _cRUA
082 _aAGR HAK 2013 B054 Or.1
100 _aHAK, CHHUNNEANG.
245 _aThe occurrence of plant-parasitic nematodes on different rice varieties in agnkor chey district kompot province វត្តមានប្រជាករណេម៉ាតូតបរាសិតនៅលើពូជស្រូវផ្សេងៗនៅក្នុងស្រុកអង្គរជ័យ ខេត្តកណ្ដាល
260 _aPhnom Penh
_bRUA
_c2013
300 _aix; 43p.
_bill.
_c29cm.
856 _uhttps://drive.google.com/file/d/1rCxSvxmufYFnsk9YAYKewNgqI5m7n9zH/view?usp=sharing
942 _cAGR
999 _c1260
_d1260